| 000 | 00719nam0a22002411 4500 | ||
|---|---|---|---|
| 001 | rc\867727 | ||
| 005 | 20041129093236.5 | ||
| 035 | _a(NLR Aleph) 006046557 | ||
| 090 |
_a4760217 _c4760217 |
||
| 100 | _a20041129d1983 u |0rusy50 ca | ||
| 101 | 0 | _arus | |
| 102 | _aRU | ||
| 105 | _aa ||||||||| | ||
| 200 | 1 |
_aЭлектропривод в сельском хозяйстве _e(Справ. пособие) |
|
| 210 |
_aАлма-Ата _cКайнар _d1983 |
||
| 215 |
_a174 с. _cил. _d20 |
||
| 320 | _aБиблиогр.: с. 173 | ||
| 700 | 1 |
_aСылкин _bМ. И. _gМихаил Иванович |
|
| 801 | 0 |
_aRU _bNLR _gpsbo |
|
| 801 | 1 |
_aRU _bELAR _2rusmarc |
|
| 852 |
_aNLR _j84-3/1658 |
||
| 942 | _cBOOK | ||
| 980 | _aNB | ||